000 00948 a2200217 4500
999 _c6153
_d6153
020 _a9780750235617
050 0 0 _aTK9152 DOW 2003
100 1 _aDowswell, Paul.
_eauthor
245 1 4 _aThe Chernobyl disaster, April 26, 1986 /
_cPaul Dowswell.
264 _aLondon :
_bHodder Wayland,
_c2003.
300 _a47 p. :
_bill. (some col.), col. maps ;
440 0 _aDays that shook the world
500 _aIncludes index
504 _aIncludes bibliographical references (p. 45)
650 0 _a
650 0 _aNuclear power plants
_xAccidents
650 1 _a
650 1 _aNuclear power plants
_xAccidents.
942 _2lcc
_cBK
_h9152
_iDOW
_kTK